000
00302nam a22001217a 4500
008
171222b xxu||||| |||| 00| 0 eng d
041
_a
eng
080
_a
030
100
_a
23
101
_a
ENC
245
_a
THE ILLUSTRATED SCIENCE AND INVENTION ENCYCLOPEDIA
_c
STUTTMAN.H.D
942
_2
udc
_c
BK
999
_c
39346
_d
39346